Κοινωνικοοικονομική και χωρική εξέλιξη της Καισαριανής : ο ρόλος των προσφυγικών ρευμάτων : πτυχιακή εργασία

Αποθηκεύτηκε σε:
Λεπτομέρειες βιβλιογραφικής εγγραφής
Κύριος συγγραφέας: Γιαννακόπουλος, Θεόδωρος
Συγγραφή απο Οργανισμό/Αρχή: Πανεπιστήμιο Αιγαίου. Σχολή Κοινωνικών Επιστημών. Τμήμα Γεωγραφίας
Άλλοι συγγραφείς: Ιωσηφίδης, Θεόδωρος (Εισηγητής διατριβής)
Μορφή: Thesis Βιβλίο
Γλώσσα:Greek
Δημοσίευση: 2007.
Θέματα:
Διαθέσιμο Online:http://hdl.handle.net/11610/7605
Ετικέτες: Προσθήκη ετικέτας
Δεν υπάρχουν, Καταχωρήστε ετικέτα πρώτοι!

MARC

LEADER 00000cam a2200000 i 4500
001 1/60983
008 071030s2007 gre d
035 |l 10091936 
040 |a GR-MY-UA  |b gre  |e aacr 
041 0 |a gre 
082 0 |a 306.09495  |2 (22) 
100 1 |a Γιαννακόπουλος, Θεόδωρος. 
245 1 0 |a Κοινωνικοοικονομική και χωρική εξέλιξη της Καισαριανής :  |b ο ρόλος των προσφυγικών ρευμάτων : πτυχιακή εργασία /  |c Γιαννακόπουλος Θεόδωρος ; επιβλέπων καθηγητής: Θεόδωρος Ιωσηφίδης 
260 |c 2007. 
300 |a 90 σ.;  |b εικ.;  |c 30 εκ. 
502 |a Πτυχιακή εργασία – Πανεπιστήμιο Αιγαίου, Λέσβος, 2007. 
504 |a Βιβλιογραφία: σ. 90 
650 0 |a Economic development  |z Greece  |z Kaisariane. 
650 0 |a Refugees  |z Greece  |z Kaisariane  |x Social life and customs. 
650 0 |a Refugees  |z Greece  |z Kaisariane  |x Social conditions. 
650 0 0 |a Dissertations, Academic  |z Greece. 
651 0 |a Attike (Greece)  |x Social conditions. 
700 1 |a Ιωσηφίδης, Θεόδωρος.  |4 ths 
710 2 |a Πανεπιστήμιο Αιγαίου.   |b Σχολή Κοινωνικών Επιστημών.   |b Τμήμα Γεωγραφίας. 
852 |a INST  |b LESVOS  |c DIATR  |e 20071030  |h 437  |p 005100038883  |q 005100038883  |t DIE  |y 23 
852 |a INST  |b LESVOS  |c DIATR  |e 20071030  |h 438  |p 005100038882  |q 005100038882  |t DIE  |y 23 
856 |u http://hdl.handle.net/11610/7605 
901 |a BIBL1-2007-3 
909 |a Λ  |b 132972 
909 |a Λ  |b 132973 
924 |a ΓΙΑΝΝΑΚΟΠΟΥΛΟΣ  |b ΘΕΟΔΩΡΟΣ  |y ΛΕΣΒΟΣ  |z 2007-10 
970 |a ΒΑΡΚΑ  |b ΕΛΕΥΘΕΡΙΑ  |z 2007/10/30